25 aniversario / (Record no. 70)

MARC details
000 -CABECERA
campo de control de longitud fija 00669nam a2200169 a 4500
005 - FECHA Y HORA DE LA ÚLTIMA TRANSACCIÓN
campo de control 20210223120406.0
008 - ELEMENTOS DE LONGITUD FIJA--INFORMACIÓN GENERAL
campo de control de longitud fija 991125s1969 mx 000 0 spa u
035 ## - NÚMERO DE CONTROL DEL SISTEMA
Número de control de sistema UPN01000000070
049 ## - COLECCIÓN
Colección SEP
050 #4 - SIGNATURA TOPOGRÁFICA DE LA BIBLIOTECA DEL CONGRESO
Número de clasificación L227 D464
Número de documento/Ítem I5.9 1969
110 2# - ASIENTO PRINCIPAL--NOMBRE CORPORATIVO
Nombre de entidad corporativa o nombre de jurisdicción como elemento de entrada Instituto Federal de Capacitación del Magisterio (México)
245 10 - MENCIÓN DE TÍTULO
Título 25 aniversario /
Mención de responsabilidad, etc. Instituto Federal de Capacitación del Magisterio, Agencia Coordinadora No. 37.
260 ## - PUBLICACIÓN, DISTRIBUCIÓN, ETC.
Lugar de publicación, distribución, etc. Mazatlán, Sin. :
Nombre del editor, distribuidor, etc. SEP :
-- Instituto Federal de Capacitación del Magisterio,
Fecha de publicación, distribución, etc. [1969?].
300 ## - DESCRIPCIÓN FÍSICA
Extensión 55 p. :
Otras características físicas retrs.
610 24 - ASIENTO SECUNDARIO DE MATERIA - NOMBRE CORPORATIVO
Nombre de entidad corporativa o nombre de jurisdicción como elemento de entrada INSTITUTO FEDERAL DE CAPACITACION DEL MAGISTERIO (MEXICO) -
Subdivisión general ANIVERSARIOS, ETC.
9 (RLIN) 10666
905 ## - TIPO DE MATERIAL
Tipo de material Libro
Holdings
Estado de retiro Estado de pérdida Fuente del sistema de clasificación o colocación Estado dañado No para préstamo Código de colección Localización permanente Ubicación/localización actual Ubicación en estantería Fecha de adquisición Clasificación Código de barras Fecha visto por última vez Número de copia Tipo de ítem Koha
    Library of Congress Classification   Coleccion SEP Colección SEP Bib. Gregorio Torres Quintero Bib. Gregorio Torres Quintero Colección SEP 09/05/2023 L227 D464 I5.9 1969 38212 31/12/2020 1 Libro